Fortnite Pro EU PR 2024 - Statistiques

Statistiques générales
  • Ce quiz a été pris 494 fois
  • Le résultat moyen est 16 sur 75
Statistiques - réponses
Réponse % Correct
Malibuca
78%
Merstach
75%
Veno
74%
Podasai
70%
Vico
68%
Pixie
59%
Swizzy
58%
Flickzy
56%
Queasy
56%
Snayzy
56%
Wox
50%
Mariuscow
45%
Kami
43%
Setty
43%
Tayson
42%
Kurama
38%
Sky
35%
Scroll
34%
IDrop
33%
Rezon
32%
Chap
31%
Vadeal
31%
Vanyak3k
30%
Pinq
29%
Chico
24%
Fredoxie
24%
Pablowingu
23%
Trulex
23%
Demus
20%
Panzer
20%
Nxthan
19%
Tjino
19%
Darm
17%
Seyyto
17%
czb
15%
Hris
15%
T3eny
15%
Jannisz
14%
Th0masHD
12%
Charyy
10%
Noahreyli
10%
Focus
9%
Kiro
9%
Predage
9%
Nebs
8%
Asa
7%
Cringe
7%
Eclipse
6%
Fastroki
6%
Sangild
6%
Volko
6%
Axeforce
5%
Fnajen
5%
G13ras
5%
Juu
5%
Kiduoo
5%
Belusi
4%
Bevvys
4%
Dandepuzo
4%
Mappi
4%
P1ngfnz
4%
Prism
4%
Hijoe
3%
Robban
3%
Skvii
3%
Wheat
3%
Deckzee
2%
P1xx
2%
Purchawa
2%
1Lusha
1%
Caspernovic
1%
Cr1nge
1%
Kyad
1%
Nomzz
1%
Vexi
1%
Aucun quiz correspondant
Distribution des résultats
% des personnes avec chaque résultat
Percentile par nombre de réponses
Votre historique - résultats
Vous n’avez pas pris ce quiz